00484nam a2200181Ia 450000500170000000800410001702000150005808200130007310000170008624500240010326000260012730000120015365000100016565000110017594200060018695200950019299900150028720241015004921.0240331s9999 xx 000 0 und d a9559052373 bRANa820 aRanaweera, E 0aRhymes of our times aColombobCENWORc1995 a17 p ., aPoems aGender cL 001040708LaWERCLbWERCLcSSCd2024-03-31l0o 820 RANp5161r2024-03-31w2024-03-31yL c4341d4341